000 01063nam a22003377a 4500
001 BR0603148
003 BR-BrBNA
005 20230928102220.0
007 ta
008 230509b bl.||||| |||| 00| 0 por d
040 _aBR-BrBNA
_bpor
_cBiblioteca Nacional de Agricultura
041 _a(Por)
072 _aS40
090 _ S40 BR0603148
100 1 _aFlávio, E.F.
110 1 _aUniversidade Federal de Lavras, MG (Brasil)
_0Tese (Doutorado)
245 1 _aAlimentação escolar e avaliação nutricional dos alunos do ensino fundamental das escolas municipais de Lavras, MG
260 3 _aLavras, MG (Brasil):
_c2006.
300 _a293 p.
500 _aSummaries (Eng, Por); Several bibliography; 31 illus.; 70 tables
650 _aESCOLA
650 _aENSINO MÉDIO
650 _aNUTRIÇÃO HUMANA
650 _aCOMPOSIÇÃO DE ALIMENTO
650 _aANÁLISE ORGANOLÉPTICA
650 _aDESENVOLVIMENTO SÓCIO-ECONÔMICO
650 _aRENDA FAMILIAR
650 _aMINAS GERAIS
909 _a202309
_bLucia
_c55
_dLucia Elande
942 _cBK
999 _c69687
_d69687